000 00997nam a2200229Ia 4500
003 Ost
005 20260507075028.0
008 260507s9999||||xx |||||||||||||| ||und||
040 _cfsecg
041 _aara
082 _a330
100 _aكوتلر، فيليب
_eمؤلف
245 0 _aالتسويق :
_bالترويج /
_c فيليب كوتلر
260 _aدمشق:
_bمنشورات دار علاء الدين,
_c2006
300 _a304 صفحة؛
_bإيضاحات ؛
_c24 سم
520 _aإستراتيجية الاتصالات التسويقية المتكاملة،الاتصالات العامة،الدعاية،تشجيع الترويج والعلاقات مع الراي العام،المبيعات الشخصية وإدارة الترويج،أدارة قنوات التوزيع
653 _aأدارة المبيعات
653 _aالتسويق
653 _aالدعاية
700 _aسوندرز، جون وأخرون
_eمؤلف ثانوي
942 _cكتاب
999 _c42358
_d42358